000 01124nam a22003377a 4500
003 CHAP
005 20220329134147.0
008 971013s1976 r 00010 d
010 _a16338
011 _a17310
035 _a21393
040 _cCHAP
090 _aTesis
100 0 0 _aGutiérrez Serna, Arnoldo.
_951836
245 _aEstudio comparativo del efecto del herbicida Dowco 233 (M-3724) en tres especies de arbustos
260 _a(Monterrey, N.L.) :
_bEl autor,
_c1976
300 _a49 h.
_b; gráfs
502 _aTesis (Ing. Agrónomo Zootecnista) -- ITESM. Div. de Ciencias Agropecuarias y Marítimas
590 _aALEPH
_b10
_c20130110
_lUCH01
_h1239
590 _aBATCH-UPD
_b10
_c20130110
_lUCH01
_h0246
590 _aBATCH-UPD
_b10
_c20130110
_lUCH01
_h0908
590 _aBATCH-UPD
_b10
_c20130410
_lUCH01
_h1554
590 _aBATCH-UPD
_b10
_c20130914
_lUCH01
_h1604
590 _aCONVERSION
_b10
_c20130109
_lUCH01
_h1310
650 1 4 _aArbustos
_xPlagas.
_96738
650 1 4 _aDowco 233.
_934109
650 1 4 _aHerbicidas.
_953691
901 _aBK
942 _cTESIS
949 _bBC
_cTES
_d-49819
_eTS1
_i21393
_si
999 _c16338
_d16338